000 00587nam a2200241Ia 4500
003 OSt
005 20221005084530.0
006 a|||||r|||| 00| 0
007 ta
008 221004b |||||||| |||| 00| 0 eng d
024 _a74553
037 _cTextual
040 _aCRL
_cCRL
_beng
041 _2eng
_aeng
082 _aV58, K5
100 _aSalisbury Harrison E
245 0 _aRussia
260 _aNew York
_bAntheneum USA
_c1965
300 _a144p
_ccm.
650 _aHISTORY
942 _hV58, K5
_cTEXL
_2cc
999 _c992757
_d992757